00350nam a22001337a 4500003000400000020001800004082001700022100001900039245007000058250002200128260003700150300001000187650001900197SGT a9788131256770 a617.63bW19M a Sanjay Mallya aWhite and Pharoah's Oral Radiology: Principles and Interpretation aSecond South Asia aNEW DELHI bElsevier Indiac2019 a1-659 aORAL MEDICINE